• 首页
  • 本馆介绍
  • 公告通知
  • 最新文献
  • 馆藏检索
  • 电子资源
  • 读者导购
  • 参考咨询
  • 我的图书馆
  • 登录
  • 详细信息显示
  • 放入我的书架
  • 预约/预借图书
  • 作者相关作品
  • 分类相关作品
  • 丛书相关作品
  • 出版社相关作品

书目信息

  • 表格格式
  • 工作单格式
  • 卡片格式
题名:
肝硬化
    
 
作者: 吴斌 主编
分册:  
出版信息: 北京   科学出版社  2016.12
页数: 461页
开本: 27cm
丛书名:
单 册:
中图分类: R575.2
科图分类:
主题词: 肝硬变--防治
电子资源:
ISBN: 978-7-03-050945-1
000 00887nam0 2200229 450
001 3870
005 20181008165054.86
010    @a978-7-03-050945-1@b精装@dCNY248.00
100    @a20170328d2016 em y0chiy50 ea
101 0  @achi
102    @aCN@b110000
105    @aa z 000yy
200 1  @a肝硬化@9gan ying hua@dLiver cirrhosis@f吴斌主编@zeng
210    @a北京@c科学出版社@d2016.12
215    @a461页@c图@d27cm
330    @a本书是目前较系统全面介绍肝硬化的专著,对肝硬化的病因、发病机制、病理变化、病理生理特征、生物化学改变进行了详细介绍,重点阐述肝硬化的临床表现、诊断、病因治疗及并发症的处理。结合相关基础及临床研究的最新进展,突出肝硬化基础理论、临床实践、转化医学、精准诊疗等方面的最新成果。
510 1  @aLiver cirrhosis@zeng
606 0  @a肝硬变@x防治
690    @aR575.2@v5
701  0 @a吴斌@9wu bin@4主编
801  0 @aCN@b91MARC@c20170328
905    @aMuseLib@dR575.2@e145
    
    肝硬化=Liver cirrhosis/吴斌主编.-北京:科学出版社,2016.12
    461页:图;27cm
    
    
    ISBN 978-7-03-050945-1(精装):CNY248.00
    本书是目前较系统全面介绍肝硬化的专著,对肝硬化的病因、发病机制、病理变化、病理生理特征、生物化学改变进行了详细介绍,重点阐述肝硬化的临床表现、诊断、病因治疗及并发症的处理。结合相关基础及临床研究的最新进展,突出肝硬化基础理论、临床实践、转化医学、精准诊疗等方面的最新成果。
●
相关链接 在E读中查询图书 在五车中查询图书 在当当中查询图书 在豆瓣中查询图书


正题名:肝硬化     索取号:R575.2/145         预约/预借

序号 登录号 条形码 馆藏地/架位号 状态 备注
1 1123989   211239890   第二样本阅览室/ [索取号:R575.2/145] 在馆    
2 1123990   211239907   第三借阅区/ [索取号:R575.2/145] 在馆    
唐山师范学院图书馆 欢迎您!
大连网信软件有限公司© 版权所有